000 03118nam0a2200469 4500
001 RU\NLR\BIBL_A\011989572
005 20250809113133.0
020 _aRU
_9Ленинград в Великой Отечественной войне. Коллекция. Афиши
035 _a(NLR Aleph) 011989572
090 _a11238
_c11238
100 _a20190415d1944 u y0rusy50 ca
101 0 _arus
102 _aRU
105 _ay z 000zy
135 _acrcn 024anaba
200 1 _a[Репертуар
_eафиша]
_fУправление по делам искусств Исполкома Ленгорсовета, Зал камерных концертов
210 _a[Ленинград]
_cЛТ УН-9
_d[1944]
215 _a1 л.
_d40х50
300 _aНачало в 19 ч. 30 м. Билеты продаются ежедневно в кассе зала с 11 до 20 час.
300 _aЗак. 1883
325 _aКопия доступна в Электрон. б-ке РНБ
327 _a4, пятница. Анна Каренина: композиция Н. Железновой по роману Л. Толстого. В главных ролях: Н.М. Железнова, Г.К. Кузнецов и И.П. Новский. Постановка Заслуженного артиста РСФСР Е.П. Студенцова. 6, воскресенье. Дядюшкин фрак и тетушкин капот: старинный водевиль в 2 действиях М. Яковлевского. Шашки: водевиль М. Криницкого. Участвуют: О.И. Боровикова, Е.Г. Гаршина, А.К. де-Лазари [и др.]. Постановка И.П. Новского. Музыкальное сопровождение О.А. Норейко. 11, пятница, 15, вторник. Анна Каренина
606 1 _aТеатральная жизнь
_yЛенинград, город
_z1941 - 1944
_jАфиши
_2nlr_sh2
_3RU\NLR\AUTH\6601649837
686 _aЩ333(2Р=Рус)7-692Ленинград
710 0 2 _aЗал камерных концертов
_cЛенинград
_3RU\NLR\AUTH\880495405
852 _aNLR
_jЛ3-330а/12/2/1944-авг.(3)
856 0 _uhttp://vivaldi.nlr.ru/la700000391/view
856 1 _uhttp://vivaldi.nlr.ru/la700000391/cover
856 2 _uhttp://vivaldi.nlr.ru/la700000391/text
942 _cVISUAL
945 _aРоссийская национальная библиотека
980 _aNB
980 _aBV
980 3 _akplen
980 3 _akp
981 3 7 _a(37) Ленинград в Великой Отечественной войне
_b(37) Афиши блокадного Ленинграда